00550nam a22001697a 450000500170000001000150001702000260003203500130005803700130007108200150008410000200009924500680011926000540018727000640024130000250030550000500033020131217150014.0 aENG-108842 a9789381176382c995.00 aEN-92375 bDBAD/PUB a332.170954 aNayak, Niranjan aEmerging scenario of Indian banking sector /cby Niranjan Nayak aNew DelhibSSDN Publishers and Distributorsc2012 a5A, Sahni Mansion, Ansari Road DaryaganjbNew Delhie110002 axiii,349p.c22cm(Hb) aIncludes bibliographical references and index